[Event "7th Sunway Sitges 2020"]
[Site "Sitges ESP"]
[Date "2020.12.15"]
[Round "3.1"]
[White "Korobov, Anton"]
[Black "Narciso Dublan, Marc"]
[Result "1/2-1/2"]
[WhiteTitle "GM"]
[BlackTitle "GM"]
[WhiteElo "2693"]
[BlackElo "2495"]
[WhiteFideId "14105730"]
[BlackFideId "2201500"]
[EventDate "2020.12.13"]

1. e4 d6 2. d4 Nf6 3. Nc3 e5 4. Nf3 Nbd7 5. Bc4 Be7 6. O-O O-O 7. Re1 c6 8. a4
h6 9. Ba2 Re8 10. h3 Bf8 11. Be3 b6 12. dxe5 dxe5 13. Nh4 Nc5 14. Qf3 Be6 15.
Red1 Ncd7 16. Nf5 Bxa2 17. Rxa2 Qc7 18. Raa1 Red8 19. Rd2 Ne8 20. Rad1 Ndf6 21.
Rxd8 Rxd8 22. Rxd8 Qxd8 23. Qg3 Kh7 24. Qxe5 g6 25. Nd4 c5 26. Nc6 Qd7 27. Qf4
Qxc6 28. e5 Bg7 29. exf6 Nxf6 30. Qc4 Qd7 31. b3 Ne8 32. Qd5 Qe7 33. Qe4 Qd7 34.
Nd5 Nf6 35. Nxf6+ Bxf6 36. a5 Bg5 37. Bxg5 hxg5 38. a6 Qd1+ 39. Kh2 Qd2 40. Qb7
Qf4+ 41. Kg1 Qc1+ 42. Kh2 Qf4+ 43. Kg1 1/2-1/2

[Event "7th Sunway Sitges 2020"]
[Site "Sitges ESP"]
[Date "2020.12.15"]
[Round "3.2"]
[White "Dardha, Daniel"]
[Black "Cheparinov, Ivan"]
[Result "0-1"]
[WhiteTitle "IM"]
[BlackTitle "GM"]
[WhiteElo "2485"]
[BlackElo "2660"]
[WhiteFideId "240990"]
[BlackFideId "2905540"]
[EventDate "2020.12.13"]

1. Nf3 c5 2. e4 d6 3. Bb5+ Nd7 4. d4 cxd4 5. Qxd4 a6 6. Bxd7+ Qxd7 7. c4 e5 8.
Qd3 f5 9. Nc3 Nf6 10. O-O fxe4 11. Nxe4 b5 12. b3 Bb7 13. Nfd2 Rd8 14. Bb2 Qc6
15. Rfe1 Be7 16. Rac1 O-O 17. cxb5 Qxb5 18. Qxb5 axb5 19. Rc7 Bxe4 20. Nxe4 Rfe8
21. g3 Rc8 22. Rxe7 Rxe7 23. Nxd6 Rc2 24. Rxe5 Rxe5 25. Bxe5 b4 26. Nf5 Kf7 27.
Bd6 Nd5 28. Ne3 Nxe3 29. fxe3 Rxa2 30. Bxb4 h5 31. h4 Ke6 32. e4 Rb2 33. Bf8
Rxb3 34. Kf2 Rb7 35. Bc5 Ke5 36. g4 Rb2+ 37. Kf3 Rb3+ 38. Kg2 hxg4 39. h5 Kxe4
40. Bf8 Kf4 41. Bxg7 Rg3+ 42. Kf2 Rf3+ 43. Kg1 Rd3 44. h6 Kf3 45. h7 Rd1+ 0-1

[Event "7th Sunway Sitges 2020"]
[Site "Sitges ESP"]
[Date "2020.12.15"]
[Round "3.3"]
[White "Moussard, Jules"]
[Black "Garriga Cazorla, Pere"]
[Result "1-0"]
[WhiteTitle "GM"]
[BlackTitle "IM"]
[WhiteElo "2626"]
[BlackElo "2487"]
[WhiteFideId "642908"]
[BlackFideId "32011601"]
[EventDate "2020.12.13"]

1. e4 c5 2. Nf3 d6 3. d4 cxd4 4. Nxd4 Nf6 5. Nc3 a6 6. Bd3 g6 7. f3 Bg7 8. Be3
Nc6 9. Qd2 O-O 10. O-O-O d5 11. Nxc6 bxc6 12. Bh6 Qa5 13. Bxg7 Kxg7 14. b3 dxe4
15. Bxe4 Nxe4 16. Nxe4 Qxa2 17. Qc3+ f6 18. Kd2 Rd8+ 19. Ke3 Rd5 20. Ra1 1-0

[Event "7th Sunway Sitges 2020"]
[Site "Sitges ESP"]
[Date "2020.12.15"]
[Round "3.4"]
[White "Vasquez Schroeder, Rodrigo"]
[Black "Santos Latasa, Jaime"]
[Result "1/2-1/2"]
[WhiteTitle "GM"]
[BlackTitle "GM"]
[WhiteElo "2459"]
[BlackElo "2588"]
[WhiteFideId "3400042"]
[BlackFideId "2293307"]
[EventDate "2020.12.13"]

1. d4 Nf6 2. Nf3 d5 3. e3 c6 4. c4 Bf5 5. Nc3 e6 6. Bd3 Bg6 7. O-O Nbd7 8. b3
Bd6 9. Qc2 Bh5 10. Be2 O-O 11. Bb2 Re8 12. Rfd1 Qe7 13. g3 Rac8 14. Rac1 a6 15.
Nh4 Bxe2 16. Qxe2 Qf8 17. e4 dxe4 18. Nxe4 Nxe4 19. Qxe4 Ba3 20. Bxa3 Qxa3 21.
Rc2 a5 22. Nf3 a4 23. bxa4 Qxa4 24. Rb1 Qa6 25. c5 Nf6 26. Qe2 Qa7 27. Rcb2 Re7
28. Rb3 Ra8 29. Qb2 Nd5 30. a3 f6 31. Kg2 Qa6 32. Qc2 Ra7 33. R1b2 Nc7 34. Rb6
Qa4 35. Qxa4 Rxa4 36. Rxb7 Nd5 37. Rb8+ Kf7 38. Rc8 Ra6 39. Nd2 Rxa3 40. Rxc6
Rd3 41. Nf3 g5 42. Rd2 Rc3 43. Ra6 h5 44. h4 g4 45. Ng1 Rb3 46. Ra1 Kg6 47. Ne2
Kf5 1/2-1/2

[Event "7th Sunway Sitges 2020"]
[Site "Sitges ESP"]
[Date "2020.12.15"]
[Round "3.5"]
[White "Santos Ruiz, Miguel"]
[Black "Niemann, Hans Moke"]
[Result "1-0"]
[WhiteTitle "GM"]
[BlackTitle "IM"]
[WhiteElo "2581"]
[BlackElo "2478"]
[WhiteFideId "22291482"]
[BlackFideId "2093596"]
[EventDate "2020.12.13"]

1. e4 e5 2. Nf3 Nc6 3. Bc4 Nf6 4. d3 h6 5. c3 d6 6. a4 g5 7. Qb3 Qe7 8. a5 Bg7
9. Nbd2 Nd8 10. Nf1 g4 11. Ng1 c6 12. Ne3 h5 13. Ne2 Bh6 14. O-O Be6 15. f4 gxf3
16. Rxf3 d5 17. exd5 cxd5 18. Bb5+ Kf8 19. Nf5 Bxf5 20. Rxf5 a6 21. Ba4 Ne6 22.
Qb6 Rd8 23. Bxh6+ Rxh6 24. Raf1 Rg6 25. Qf2 Nc5 26. Bc2 Ncd7 27. d4 Kg8 28. dxe5
Ng4 29. Qd4 Ndxe5 30. Rxf7 Nxf7 31. Bxg6 Nfh6 32. Nf4 h4 33. Nxd5 Qd6 34. Bf7+
Kh7 35. Rf4 Qe5 36. Nf6+ Qxf6 37. Qe4+ Kg7 38. Rxf6 Nxf6 39. Qg6+ 1-0

[Event "7th Sunway Sitges 2020"]
[Site "Sitges ESP"]
[Date "2020.12.15"]
[Round "3.6"]
[White "Cornette, Matthieu"]
[Black "Maurizzi, Marc Andria"]
[Result "1/2-1/2"]
[WhiteTitle "GM"]
[BlackTitle "IM"]
[WhiteElo "2558"]
[BlackElo "2445"]
[WhiteFideId "620084"]
[BlackFideId "36083534"]
[EventDate "2020.12.13"]

1. e4 e5 2. Nf3 Nc6 3. Bb5 a6 4. Ba4 Nf6 5. O-O Nxe4 6. d4 b5 7. Bb3 d5 8. dxe5
Be6 9. Qe2 Be7 10. Rd1 O-O 11. c4 bxc4 12. Bxc4 Bc5 13. Be3 Bxe3 14. Qxe3 Qb8
15. Bb3 Qb6 16. Qxb6 cxb6 17. Na3 Rfd8 18. Nc2 Na5 19. Ncd4 Nc4 20. Rab1 Rac8
21. h3 1/2-1/2

[Event "7th Sunway Sitges 2020"]
[Site "Sitges ESP"]
[Date "2020.12.15"]
[Round "3.7"]
[White "Plat, Vojtech"]
[Black "Esplugas Esteve, Vicenc"]
[Result "1-0"]
[WhiteTitle "GM"]
[BlackTitle "FM"]
[WhiteElo "2552"]
[BlackElo "2319"]
[WhiteFideId "325740"]
[BlackFideId "22200789"]
[EventDate "2020.12.13"]

1. e4 e6 2. d4 d5 3. Nd2 Be7 4. Bd3 c5 5. dxc5 Nf6 6. exd5 Qxd5 7. Ngf3 Nbd7 8.
b4 b6 9. O-O bxc5 10. b5 O-O 11. Bb2 Bb7 12. Re1 Rad8 13. a4 Qh5 14. Ne5 Qxd1
15. Raxd1 Nb6 16. a5 Nbd5 17. c4 Nf4 18. Bf1 Nd7 19. Nb3 Nf6 20. Ba3 Rc8 21. Nd7
Ne4 22. Nxf8 1-0

[Event "7th Sunway Sitges 2020"]
[Site "Sitges ESP"]
[Date "2020.12.15"]
[Round "3.8"]
[White "Gines Esteo, Pedro Antonio"]
[Black "Fier, Alexandr"]
[Result "1/2-1/2"]
[WhiteTitle "IM"]
[BlackTitle "GM"]
[WhiteElo "2437"]
[BlackElo "2549"]
[WhiteFideId "32080190"]
[BlackFideId "2107139"]
[EventDate "2020.12.13"]

1. d4 d5 2. c4 c6 3. Nf3 Nf6 4. e3 e6 5. Bd3 dxc4 6. Bxc4 Nbd7 7. O-O Bd6 8.
Nbd2 O-O 9. Bd3 c5 10. Nc4 Be7 11. b3 b6 12. Bb2 cxd4 13. Nxd4 Bb7 14. Rc1 a6
15. Qe2 Rc8 16. Rfd1 b5 17. Nd2 Rxc1 18. Rxc1 Qa8 19. Qf1 Rd8 20. Be2 Bb4 21.
N2f3 Ne4 22. Rc2 Bd6 23. Qc1 Ndf6 24. h3 Nd5 25. a3 b4 26. Bc4 a5 27. Nb5 Ndc3
28. axb4 axb4 29. Nxc3 bxc3 30. Bxc3 Nxc3 31. Rxc3 Bxf3 32. gxf3 Qxf3 33. Bf1
Qb7 34. Bg2 Qb8 35. Bf3 g6 36. Kg2 Be5 37. Rc5 Bf6 38. Qc4 Kg7 39. Rb5 Qd6 40.
Rb7 Qe5 41. Qc7 Qxc7 42. Rxc7 Rd3 43. Rb7 Rd2 44. Kf1 Bh4 45. Be2 Rd5 46. Rb5
Rd6 47. b4 h5 48. Rc5 Rd2 49. b5 Rb2 50. Rc7 Bd8 51. Rd7 Bb6 52. Rd6 Bc7 1/2-1/2

[Event "7th Sunway Sitges 2020"]
[Site "Sitges ESP"]
[Date "2020.12.15"]
[Round "3.9"]
[White "Bulmaga, Irina"]
[Black "Krysa, Leandro"]
[Result "1/2-1/2"]
[WhiteTitle "IM"]
[BlackTitle "GM"]
[WhiteElo "2424"]
[BlackElo "2544"]
[WhiteFideId "13903063"]
[BlackFideId "116807"]
[EventDate "2020.12.13"]

1. e4 e5 2. Nf3 Nc6 3. d4 exd4 4. Nxd4 Bc5 5. Be3 Qf6 6. c3 Nge7 7. Bc4 O-O 8.
O-O b6 9. Nxc6 Qxc6 10. Bxc5 Qxc5 11. Na3 d6 12. b4 Qc6 13. Qd3 Be6 14. Bb5 Qb7
15. Ba6 Qc6 16. Bb5 Qb7 17. Ba6 Qc6 18. Bb5 Qb7 1/2-1/2

[Event "7th Sunway Sitges 2020"]
[Site "Sitges ESP"]
[Date "2020.12.15"]
[Round "3.10"]
[White "Unuk, Laura"]
[Black "Checa, Nicolas"]
[Result "0-1"]
[WhiteTitle "WGM"]
[BlackTitle "GM"]
[WhiteElo "2346"]
[BlackElo "2527"]
[WhiteFideId "14609215"]
[BlackFideId "2069342"]
[EventDate "2020.12.13"]

1. d4 d5 2. c4 c6 3. Nf3 Nf6 4. e3 Bf5 5. Nc3 a6 6. Bd3 Bg6 7. O-O e6 8. Ne5
Nbd7 9. f4 Bxd3 10. Qxd3 Bb4 11. Bd2 Bxc3 12. Bxc3 O-O 13. a4 Ne4 14. Bb4 Re8
15. a5 f5 16. Qb3 Nxe5 17. fxe5 b5 18. cxb5 cxb5 19. Rac1 Rc8 20. Qa3 Rxc1 21.
Rxc1 Qh4 22. g3 Qg4 23. Qd3 Ng5 24. Rc3 h5 25. Qf1 h4 26. Qg2 Qd1+ 27. Qf1 Qd2
28. gxh4 Ne4 29. Qc1 Qf2+ 30. Kh1 Nxc3 31. bxc3 Qxh4 32. Kg2 Kf7 33. Qf1 Rh8 34.
Qf4 Qh3+ 35. Kg1 Rh4 36. Qf2 Qg4+ 37. Qg2 Qd1+ 38. Kf2 Qd2+ 39. Kf3 Rxh2 0-1

[Event "7th Sunway Sitges 2020"]
[Site "Sitges ESP"]
[Date "2020.12.15"]
[Round "3.11"]
[White "Bellahcene, Bilel"]
[Black "Msellek, Ilyass"]
[Result "1-0"]
[WhiteTitle "GM"]
[BlackTitle "FM"]
[WhiteElo "2510"]
[BlackElo "2316"]
[WhiteFideId "696358"]
[BlackFideId "675938"]
[EventDate "2020.12.13"]

1. d4 d5 2. Nf3 Nf6 3. e3 e6 4. Bd3 c5 5. c3 Nc6 6. Nbd2 Bd6 7. dxc5 Bxc5 8. b4
Bb6 9. b5 Nb8 10. c4 Nbd7 11. O-O Nc5 12. Be2 a6 13. bxa6 bxa6 14. Ba3 Bb7 15.
Rb1 Rb8 16. Qc2 Nfd7 17. Nb3 dxc4 18. Qxc4 Bd5 19. Qd4 Nxb3 20. Qxg7 Qf6 21.
Qxf6 Nxf6 22. axb3 Rg8 23. Rfc1 Bd8 24. Bd6 Rb6 25. Bc5 Rxb3 26. Rxb3 Bxb3 27.
Bxa6 Be7 28. Bd4 Kf8 29. Ne5 Kg7 30. Rc7 Nd5 31. Rb7 Ra8 32. Bd3 Ba2 33. e4 Ra4
34. Bb2 Rb4 35. Nc6+ 1-0

[Event "7th Sunway Sitges 2020"]
[Site "Sitges ESP"]
[Date "2020.12.15"]
[Round "3.12"]
[White "Grigoryan, Karen H."]
[Black "Romanishin, Oleg M"]
[Result "1-0"]
[WhiteTitle "GM"]
[BlackTitle "GM"]
[WhiteElo "2651"]
[BlackElo "2402"]
[WhiteFideId "13301004"]
[BlackFideId "14100088"]
[EventDate "2020.12.13"]

1. d4 Nf6 2. c4 e6 3. Nc3 Bb4 4. f3 c5 5. d5 Nh5 6. Nh3 d6 7. g4 Bxc3+ 8. bxc3
e5 9. Nf2 Nf6 10. h4 Nbd7 11. Qc2 h6 12. Rg1 Nf8 13. a4 h5 14. g5 Ng8 15. Rh1
Ng6 16. Ne4 N8e7 17. Ng3 Bd7 18. e3 Qc7 19. a5 O-O-O 20. Bd3 Kb8 21. Bd2 Bc8 22.
Kf2 Qd7 23. Rae1 Rde8 24. f4 Qc7 25. f5 e4 26. Bxe4 Ne5 27. Bd3 Qxa5 28. Ra1 Qc7
29. e4 Bd7 30. Bf4 Nc8 31. Be2 g6 32. Kg2 Nb6 33. Qa2 Nc8 34. Rhf1 b6 35. Rf2
Qd8 36. Qc2 Qe7 37. Raf1 Rhg8 38. Kg1 Rh8 39. Rg2 Rd8 40. Rff2 Rde8 41. Nf1 Rhf8
42. Nd2 Rg8 43. Rf1 Rh8 44. Rg3 Rhg8 45. Nf3 Ng4 46. Bd3 Qd8 47. Rxg4 hxg4 48.
Nh2 Rh8 49. Qf2 b5 50. cxb5 c4 51. Bb1 gxf5 52. exf5 Qb6 53. Nxg4 Rxh4 54. Qxb6+
Nxb6 55. Nf6 Re2 56. Bg3 Rh3 57. Bxd6+ Kb7 58. g6 fxg6 59. fxg6 Nxd5 60. Nxd5
Rh5 61. Rd1 Rg5+ 62. Kf1 Rb2 63. Nf4 Bxb5 64. Ne6 Rh5 65. Be4+ Bc6 66. Nd8+ 1-0

[Event "7th Sunway Sitges 2020"]
[Site "Sitges ESP"]
[Date "2020.12.15"]
[Round "3.13"]
[White "Toncheva, Nadya"]
[Black "Dragnev, Valentin"]
[Result "0-1"]
[WhiteTitle "WFM"]
[BlackTitle "GM"]
[WhiteElo "2321"]
[BlackElo "2564"]
[WhiteFideId "2924056"]
[BlackFideId "1634852"]
[EventDate "2020.12.13"]

1. e4 e5 2. Nf3 Nc6 3. Bb5 a6 4. Ba4 Nf6 5. O-O Be7 6. Re1 b5 7. Bb3 O-O 8. c3
d5 9. exd5 Nxd5 10. Nxe5 Nxe5 11. Rxe5 c6 12. d4 Bd6 13. Re1 Qh4 14. g3 Qh3 15.
Be3 Bg4 16. Qd3 f5 17. f4 Kh8 18. Bxd5 cxd5 19. Nd2 Rae8 20. a4 Re6 21. Qf1 Qh5
22. axb5 Rh6 23. Qg2 axb5 24. Ra5 Rb8 25. Rea1 Qe8 26. Nf1 Re6 27. Qxd5 Bc7 28.
Ra7 Rxe3 29. Rxc7 Bf3 30. Qxf5 Re2 31. Qh3 Qe6 32. g4 Rg2+ 33. Qxg2 Bxg2 34.
Kxg2 Qxg4+ 35. Ng3 Qxf4 36. Raa7 Rg8 37. Rf7 Qc1 38. Rf2 Qh6 39. Raf7 Qd6 40.
R2f3 h6 41. R7f5 Rb8 42. Ne4 Qg6+ 43. Kf2 Kh7 44. Re5 Qg4 45. Rf7 Qh4+ 46. Kg2
Rb6 47. Ng3 Qd8 48. Ree7 Rg6 49. Re5 Qa8+ 50. Kh3 Qa2 51. Rf2 Qc4 52. Rc5 Qd3
53. Rcf5 Qc4 54. Rc5 Qe6+ 55. Kg2 Qe4+ 56. Kf1 Qb7 57. Rff5 Rb6 58. b4 Ra6 59.
Rxb5 Ra1+ 60. Kf2 Ra2+ 61. Ke3 Qg2 62. Kd3 Qxh2 63. Rf3 Qg2 64. Rbf5 Ra1 65. d5
Qa2 66. Kd4 Qa7+ 67. Kc4 Qa6+ 68. Kd4 Rd1+ 69. Ke5 Qc4 70. Ke6 Re1+ 71. Kd6 Re8
72. Kd7 Qb5+ 73. Kd6 Qb6+ 0-1

[Event "7th Sunway Sitges 2020"]
[Site "Sitges ESP"]
[Date "2020.12.15"]
[Round "3.14"]
[White "Carbonell Sancho, Marc"]
[Black "Maze, Sebastien"]
[Result "1-0"]
[BlackTitle "GM"]
[WhiteElo "2318"]
[BlackElo "2557"]
[WhiteFideId "32029969"]
[BlackFideId "613762"]
[EventDate "2020.12.13"]

1. Nf3 Nf6 2. g3 g6 3. Bg2 Bg7 4. O-O O-O 5. d3 d5 6. Nbd2 c5 7. e4 Nc6 8. exd5
Nxd5 9. Re1 b6 10. c3 Bb7 11. a4 Qc7 12. Nc4 Rfd8 13. Qb3 e6 14. a5 Ba6 15. Bg5
Re8 16. Nfd2 b5 17. Ne3 Nf6 18. Bf4 Qc8 19. Bd6 Bf8 20. Bxf8 Rxf8 21. Qa3 Nd7
22. Ne4 Nce5 23. d4 Nd3 24. Red1 c4 25. Qe7 Kg7 26. Ng5 Nf6 27. Bxa8 Ng8 28.
Qxa7 h6 29. Nf3 Qxa8 30. Qxa8 Rxa8 31. b3 Nf6 32. bxc4 bxc4 33. Ne5 Nxe5 34.
dxe5 Ne4 35. Ra3 Rb8 36. Rc1 Nd2 37. Ra2 Nf3+ 38. Kf1 Nxe5 39. Raa1 Rb3 40. Nd1
Kf6 41. Rcb1 Ke7 42. Ke2 Nd3 43. Ke3 Kd6 44. Rxb3 cxb3 45. Rb1 Nc5 46. Nb2 Nb7
47. Ra1 e5 48. Ra4 Kc6 49. c4 f5 50. Nd3 Kd6 51. Rb4 Nxa5 52. Rb6+ Kc7 53. Rxa6
Nxc4+ 54. Ke2 e4 55. f4 exd3+ 56. Kxd3 Ne3 57. Kc3 g5 58. Rxh6 gxf4 59. gxf4
Nd5+ 60. Kxb3 Nxf4 61. Rf6 Kd7 62. Rxf5 Ng6 63. Kc4 Ke6 64. Rf1 Ke5 65. Kd3 1-0

[Event "7th Sunway Sitges 2020"]
[Site "Sitges ESP"]
[Date "2020.12.15"]
[Round "3.15"]
[White "Nevednichy, Vladislav"]
[Black "Svoboda, Vaclav2"]
[Result "1-0"]
[WhiteTitle "GM"]
[WhiteElo "2546"]
[BlackElo "2407"]
[WhiteFideId "1205730"]
[BlackFideId "323551"]
[EventDate "2020.12.13"]

1. e4 c5 2. Nf3 e6 3. d4 cxd4 4. Nxd4 a6 5. Bd3 Nf6 6. O-O Qc7 7. Qe2 d6 8. c4
g6 9. Nc3 Bg7 10. Nf3 O-O 11. Rd1 Nc6 12. Bf4 e5 13. Be3 Bg4 14. h3 Nd4 15. Bxd4
exd4 16. Nd5 Bxf3 17. Qxf3 Nxd5 18. cxd5 Rac8 19. h4 h5 20. g3 Qe7 21. Kg2 Rc5
22. Re1 Rfc8 23. Qe2 Re8 24. f4 Qd8 25. Qf3 Qb6 26. Re2 Qc7 27. Rf1 Rc1 28. Rff2
Qd7 29. e5 dxe5 30. fxe5 Bxe5 31. Bxg6 fxg6 32. Rxe5 Rcc8 33. Rg5 Qg7 34. Qd3 1-0

[Event "7th Sunway Sitges 2020"]
[Site "Sitges ESP"]
[Date "2020.12.15"]
[Round "3.16"]
[White "Ortega Serra, Marc"]
[Black "Flom, Gabriel"]
[Result "1/2-1/2"]
[BlackTitle "GM"]
[WhiteElo "2288"]
[BlackElo "2499"]
[WhiteFideId "2293137"]
[BlackFideId "621650"]
[EventDate "2020.12.13"]

1. d4 Nf6 2. c4 g6 3. Nc3 Bg7 4. e4 d6 5. f4 O-O 6. Nf3 c5 7. d5 e6 8. dxe6 fxe6
9. Bd3 Nc6 10. O-O Nd4 11. Ng5 h6 12. Nh3 Qe8 13. g4 Bd7 14. Be3 Bc6 15. g5 hxg5
16. Nxg5 Nh7 17. Nxh7 Kxh7 18. Qg4 Bh6 19. Rf2 e5 20. Raf1 exf4 21. Bxf4 Bxf4
22. Rxf4 Rxf4 23. Rxf4 Qe5 24. Rf7+ Kh6 25. Kh1 Rh8 26. Qh4+ Qh5 27. Qf6 Qe5 28.
Qh4+ Qh5 29. Qf6 Qe5 30. Qh4+ Qh5 1/2-1/2

[Event "7th Sunway Sitges 2020"]
[Site "Sitges ESP"]
[Date "2020.12.15"]
[Round "3.17"]
[White "Asis Gargatagli, Hipolito"]
[Black "Eden, James"]
[Result "1-0"]
[WhiteTitle "GM"]
[BlackTitle "IM"]
[WhiteElo "2470"]
[BlackElo "2323"]
[WhiteFideId "2260735"]
[BlackFideId "666491"]
[EventDate "2020.12.13"]

1. e4 e5 2. Nf3 Nc6 3. Bc4 Nf6 4. d3 Bc5 5. c3 a6 6. O-O Ba7 7. Bg5 h6 8. Bh4 g5
9. Bg3 d6 10. Nbd2 Qe7 11. a4 Bg4 12. b4 Nh5 13. Kh1 Nf4 14. h3 Be6 15. Bxf4
gxf4 16. b5 Na5 17. Bxe6 Qxe6 18. Nh4 O-O-O 19. c4 Rhg8 20. Ndf3 c6 21. Qc2 Kb8
22. Qc3 Bb6 23. bxa6 Ka7 24. Rab1 Rb8 25. Rxb6 Kxb6 26. a7 Ra8 27. Rb1+ Ka6 28.
Qb4 Kxa7 29. Qxa5+ Kb8 30. Qb6 Qd7 31. Nf5 Rg6 32. c5 dxc5 33. Nxe5 Qc7 34. Qxc5 1-0

[Event "7th Sunway Sitges 2020"]
[Site "Sitges ESP"]
[Date "2020.12.15"]
[Round "3.18"]
[White "Souhardo, Basak"]
[Black "Sochacki, Christophe"]
[Result "1/2-1/2"]
[BlackTitle "IM"]
[WhiteElo "2276"]
[BlackElo "2469"]
[WhiteFideId "35092910"]
[BlackFideId "662569"]
[EventDate "2020.12.13"]

1. e4 e5 2. Nf3 Nc6 3. Bb5 a6 4. Ba4 Nf6 5. O-O Be7 6. Re1 b5 7. Bb3 d6 8. c3
O-O 9. h3 Na5 10. Bc2 c5 11. d4 Nd7 12. Nbd2 exd4 13. cxd4 Nc6 14. a4 Rb8 15.
axb5 axb5 16. d5 Nce5 17. Nxe5 Nxe5 18. f4 Ng6 19. Nf3 f5 20. e5 Bb7 21. e6 Ra8
22. Rb1 Ra2 23. b4 c4 24. Re2 Nh4 25. Nxh4 Bxh4 26. g4 Qa8 27. Bxf5 Rxe2 28.
Qxe2 Bxd5 29. Bb2 Qa7+ 30. Kh2 g6 31. Rd1 c3 32. Bxc3 Bc4 33. Qg2 Bf6 34. Bxf6
Rxf6 35. Rxd6 Rf8 36. Bc2 Qe3 37. Qd2 Qxd2+ 38. Rxd2 Bxe6 39. Kg3 Rc8 40. f5
gxf5 41. gxf5 Bf7 42. Bd1 Rc3+ 43. Kg4 Kg7 44. Be2 Rb3 45. Rd4 1/2-1/2

[Event "7th Sunway Sitges 2020"]
[Site "Sitges ESP"]
[Date "2020.12.15"]
[Round "3.19"]
[White "Batsiashvili, Nino"]
[Black "Peycheva, Gergana"]
[Result "1-0"]
[WhiteTitle "GM"]
[BlackTitle "FM"]
[WhiteElo "2466"]
[BlackElo "2257"]
[WhiteFideId "13602993"]
[BlackFideId "2916711"]
[EventDate "2020.12.13"]

1. d4 d5 2. c4 e6 3. Nc3 Be7 4. Nf3 Nf6 5. g3 O-O 6. Bg2 c6 7. O-O b6 8. Ne5 Bb7
9. e4 Nbd7 10. Nxc6 Bxc6 11. exd5 exd5 12. cxd5 Bb7 13. d6 Bxd6 14. Bxb7 Rb8 15.
Bg2 b5 16. Qf3 h6 17. a4 bxa4 18. Rxa4 a5 19. Qf5 Bb4 20. Na2 Nb6 21. Nxb4 Nxa4
22. Nc6 Qb6 23. Bxh6 gxh6 24. Qxf6 Rfe8 25. Bd5 Rb7 26. Qg6+ Kf8 27. Qh7 1-0

[Event "7th Sunway Sitges 2020"]
[Site "Sitges ESP"]
[Date "2020.12.15"]
[Round "3.20"]
[White "Ortega Ruiz, Jose Miguel"]
[Black "Stefanova, Antoaneta"]
[Result "0-1"]
[WhiteTitle "FM"]
[BlackTitle "GM"]
[WhiteElo "2251"]
[BlackElo "2466"]
[WhiteFideId "2209713"]
[BlackFideId "2902257"]
[EventDate "2020.12.13"]

1. d4 d5 2. c4 c6 3. Nf3 e6 4. e3 Bd6 5. Bd3 f5 6. O-O Nf6 7. b3 Ne4 8. Ba3 Bxa3
9. Nxa3 Qe7 10. Qc1 Nd7 11. Qb2 g5 12. b4 g4 13. Ne5 Nxe5 14. dxe5 Rg8 15. b5
Rg6 16. bxc6 bxc6 17. cxd5 exd5 18. Rac1 Nc5 19. Rfd1 Na4 20. Qb3 Nb6 21. Qc3
Kf7 22. e6+ Bxe6 23. Qa5 Rc8 24. Nc2 c5 25. Ba6 Rc7 26. Na3 Bd7 27. Bb5 Bc8 28.
Ba4 c4 29. Rxd5 Nxd5 30. Qxd5+ Be6 31. Qa5 Rc5 32. Qc3 a6 33. Nc2 Bd5 34. Qh8
Rg7 35. Nb4 Bb7 36. Qb8 Rc8 0-1

[Event "7th Sunway Sitges 2020"]
[Site "Sitges ESP"]
[Date "2020.12.15"]
[Round "3.22"]
[White "Alvarez Albiol, Victor"]
[Black "Mendonca, Leon Luke"]
[Result "0-1"]
[BlackTitle "IM"]
[WhiteElo "2206"]
[BlackElo "2530"]
[WhiteFideId "32065930"]
[BlackFideId "35028561"]
[EventDate "2020.12.13"]

1. e4 c5 2. Nf3 d6 3. d4 cxd4 4. Nxd4 Nf6 5. Nc3 a6 6. Be3 e5 7. Nf3 Qc7 8. a4
Be7 9. a5 Nbd7 10. Be2 O-O 11. O-O b5 12. axb6 Nxb6 13. Nd2 Bb7 14. Bxb6 Qxb6
15. Nc4 Qc7 16. Ne3 Qc5 17. Ncd5 Nxd5 18. Nxd5 Bxd5 19. Qxd5 Qxd5 20. exd5 a5
21. Rfb1 g6 22. c3 Rfc8 23. Ra4 Bd8 24. f4 exf4 25. Rxf4 Rab8 26. Rc4 Bb6+ 27.
Kf1 Rxc4 28. Bxc4 Bc5 29. b3 Kg7 30. Ra1 Bb6 31. Re1 Rc8 32. Ra1 Re8 33. Re1 Rc8
34. Ra1 h5 35. g3 Kf6 36. Ra2 Rc7 37. Kg2 Kg5 38. h4+ Kf6 39. Kf3 Rc8 40. Kg2
Rg8 41. Ra1 Re8 42. Rf1+ Kg7 43. Rf3 Re5 44. Kh3 Re1 45. Kg2 Rg1+ 46. Kh3 Rc1
47. Kg2 Rc2+ 48. Kf1 Rb2 49. Ke1 f5 50. Kf1 Kf6 51. Rd3 Ke5 52. Rf3 Ba7 53. Rf4
Be3 54. Rf3 Ke4 55. Be2 Rxb3 56. Bd1 Rb1 57. Ke2 Rb2+ 58. Ke1 a4 59. Rf1 a3 0-1

[Event "7th Sunway Sitges 2020"]
[Site "Sitges ESP"]
[Date "2020.12.15"]
[Round "3.23"]
[White "Eizaguerri Floris, Maria"]
[Black "Lagarde, Maxime"]
[Result "0-1"]
[WhiteTitle "WFM"]
[BlackTitle "GM"]
[WhiteElo "2167"]
[BlackElo "2651"]
[WhiteFideId "32065752"]
[BlackFideId "662399"]
[EventDate "2020.12.13"]

1. e4 c5 2. Nf3 Nc6 3. d4 cxd4 4. Nxd4 Nf6 5. Nc3 d6 6. Bg5 e6 7. Qd2 a6 8.
O-O-O Bd7 9. f3 Nxd4 10. Qxd4 Be7 11. g4 h5 12. gxh5 Rxh5 13. h4 Qa5 14. Kb1 b5
15. Ne2 e5 16. Qd3 Be6 17. Nc1 Rc8 18. Bxf6 Bxf6 19. Bh3 Rc6 20. Bxe6 fxe6 21.
Ne2 Qb4 22. c3 Qc4 23. Qe3 Qc5 24. Qd2 Rxh4 25. Rxh4 Bxh4 26. f4 Bf6 27. Nc1 b4
28. cxb4 Qc4 29. Qe2 exf4 30. Nd3 f3 31. Qd2 Qxe4 32. Re1 Qf5 33. Ka1 g5 34. Qd1
Kf7 35. Qa4 Qb5 36. Qb3 Qc4 37. Qd1 g4 38. Qd2 g3 0-1

[Event "7th Sunway Sitges 2020"]
[Site "Sitges ESP"]
[Date "2020.12.15"]
[Round "3.24"]
[White "Lopez Martinez, Josep Manuel"]
[Black "Papadiamandis, Elliot"]
[Result "1-0"]
[WhiteTitle "GM"]
[BlackTitle "CM"]
[WhiteElo "2542"]
[BlackElo "2134"]
[WhiteFideId "2212943"]
[BlackFideId "36074160"]
[EventDate "2020.12.13"]

1. d4 Nf6 2. c4 g6 3. Nc3 d5 4. Nf3 Bg7 5. cxd5 Nxd5 6. Qa4+ c6 7. e4 Nxc3 8.
bxc3 O-O 9. Be3 Nd7 10. Rd1 Qc7 11. Bd3 e5 12. O-O c5 13. d5 Nb6 14. Qa3 Bg4 15.
Bb5 Rfd8 16. Bxc5 Bxf3 17. gxf3 Bf8 18. Bxf8 Rxf8 19. d6 Qd8 20. Kh1 Qf6 21. Be2
Nd7 22. Rd5 Rfc8 23. Rfd1 Qh4 24. Bb5 Nb6 25. d7 Rd8 26. R5d2 Qh3 27. Rd3 Qe6
28. Qc5 Qf6 29. Qe3 Qe6 30. a4 Qb3 31. Qc5 Nxa4 32. Bxa4 Qxa4 33. Qxe5 Qc4 34.
Rd6 a5 35. h4 Qe2 36. Kg2 h5 37. R1d5 a4 38. Qe7 Qc4 39. Rf6 1-0